| 000 | 00694nam a2200217 i 4500 | ||
|---|---|---|---|
| 001 | 14256 | ||
| 003 | ES-MaACL | ||
| 005 | 20250824033257.0 | ||
| 007 | t| | ||
| 008 | 981123s1997 sp a |||| | spa d | ||
| 020 | _a84-923404-0-1 | ||
| 080 | _a792(460.12 Langreo)"18/19" | ||
| 100 | 1 |
_aRodríguez Sánchez, Julio-José. _998801 |
|
| 245 | 1 | 3 |
_aUn siglo de teatro en Langreo _b: del Vital Aza hasta hoy : (1897-1997) / _cJulio-José Rodríguez Sánchez. |
| 260 |
_aLangreo : _bAyuntamiento, _c[1997] |
||
| 300 |
_a249 p. : _bil. ; _c27 cm. |
||
| 650 | 1 | 7 |
_aTeatro- _zLangreo _2 _9170101 |
| 710 | 1 |
_aLangreo. _bAyuntamiento. _95483 |
|
| 852 |
_aES-MaACL _jL-21486 |
||
| 999 |
_c14256 _d14256 |
||